• 首页
  • 本馆介绍
  • 公告通知
  • 最新文献
  • 馆藏检索
  • 电子资源
  • 读者导购
  • 参考咨询
  • 我的图书馆
  • 登录
  • 详细信息显示
  • 放入我的书架
  • 预约/预借图书
  • 作者相关作品
  • 分类相关作品
  • 丛书相关作品
  • 出版社相关作品

书目信息

  • 表格格式
  • 工作单格式
  • 卡片格式
题名:
技术经济理论与方法
    
 
作者: 李京文 著
分册:  
出版信息: 成都   四川科学技术出版社  1987
页数: 415页
开本: 20cm
丛书名:
单 册:
中图分类: F403.7 , F062.4
科图分类:
主题词: 技术经济--理论 , 技术经济--方法
电子资源:
ISBN: 4298.33
000 00686nam0 2200253 450
001 0000000000
005 20100712203116.0
010    @a4298.33@dCNY3.65
091    @a4298.33@dCNY3.65
100    @a20020125d1987 em y0chiy0110 ea
101 0  @achi
102    @aCN@b510000
105    @ak z 000yy
106    @ar
200 1  @a技术经济理论与方法@9Ji Shu;Zhu Jing Ji Li Lun Yu Fang Fa @f李京文著
210    @a成都@c四川科学技术出版社@d1987
215    @a415页@d20cm
606 0  @a技术经济@x理论
606 0  @a技术经济@x方法
690    @aF403.7@v4
690    @aF062.4@v4
701  0 @a李京文@9li jing wen@4著
801  0 @aCN@bAzMarc@c20130904
905    @aBZT@dF403.7@e1@f5@sF403.7/1
    
    技术经济理论与方法/李京文著.-成都:四川科学技术出版社,1987
    415页;20cm
    
    
    ISBN 4298.33:CNY3.65
    
●
相关链接 在五车中查询图书 在当当中查询图书 在豆瓣中查询图书


正题名:技术经济理论与方法     索取号:F403.7/1         预约/预借

序号 登录号 条形码 馆藏地/架位号 状态 备注
1 2000110469   2000110469   旧书回溯/ [索取号:F403.7/1] 在馆    
2 2000110470   2000110470   旧书回溯/ [索取号:F403.7/1] 在馆    
3 2000112256   2000112256   旧书回溯/ [索取号:F403.7/1] 在馆    
4 2000112257   2000112257   旧书回溯/ [索取号:F403.7/1] 在馆    
5 2000112258   2000112258   旧书回溯/ [索取号:F403.7/1] 在馆    
山东省滨州职业学院图书馆 欢迎您!
大连网信软件有限公司© 版权所有